| 000 | 00400 a2200133 4500 | ||
|---|---|---|---|
| 001 | 87619 | ||
| 082 | _aPR 02 | ||
| 090 |
_c41072 _d41072 |
||
| 100 | _aM Muzammil, Plt Off 15202 69(B) EC | ||
| 245 | _aDevelopment of a ground based jammer deployment software module | ||
| 260 |
_aRislapur _bCAE PAF Academy Risalpur _c2010 |
||
| 300 |
_ax, 49p. _eAsad Amir Pirzada Wg Cdr |
||
| 500 | _aBE Project Reports | ||
| 942 |
_aCAE NUST _kPR 02 |
||
| 999 |
_c322692 _d322692 |
||